000
00325nam a22001337a 4500
008
170602b xxu||||| |||| 00| 0 eng d
020
_a
9780073397221
041
_a
eng
080
_2
4 ED
_a
94(7/8)
100
_a
17
101
_a
SHH
245
_a
TAKING SIDES AMERICAN FOREIGN IN POLICY
_c
BENNETT.A
942
_2
udc
_c
BK
999
_c
15619
_d
15619